| 000 | 00729nam a22002057a 4500 | ||
|---|---|---|---|
| 999 |
_c1521 _d1521 |
||
| 001 | 11509 | ||
| 003 | BD-DhUAP | ||
| 005 | 20210121164010.0 | ||
| 008 | 200209s2009 bg ||||| |||| 00| 0 ben d | ||
| 040 |
_aBD-DhUAP _bEng _cBD-DhUAP _dBD-DhUAP |
||
| 082 |
_223 _a340.095492 BAN |
||
| 245 | _aবাংলাদেশ গেজেট। | ||
| 260 |
_aঢাকা, বাংলাদেশ : _bবাংলাদেশ জাতীয় সংসদ, _c২০০৯। |
||
| 300 |
_aনম্বরহীন পৃষ্ঠা ; _c২৪ সেমি.। |
||
| 650 |
_aLaw _zBangladesh. |
||
| 650 | _aGazettes. | ||
| 651 | _aBangladesh. | ||
| 710 | _aবাংলাদেশ জাতীয় সংসদ। | ||
| 942 |
_2ddc _cBK |
||